| 000 | 00536cam a2200205ua 4500 | ||
|---|---|---|---|
| 001 | 6728 | ||
| 005 | 20260515114109.0 | ||
| 008 | 140311n ii |||gr||||Z||||||asm | ||
| 020 | _a81-7839-148-3 | ||
| 040 | _cMAIN | ||
| 082 | _a338.7 | ||
| 245 |
_aByavasaya sangathan aru parichalana _cBy Durgeswar hazarika |
||
| 250 | _a2nd ed. | ||
| 260 |
_aDibrugarh: _bBanalata, _c1997. |
||
| 300 | _axii,133p. | ||
| 653 | _aProduction | ||
| 653 | _aByavasaya sangathan aru parichalana | ||
| 700 |
_aHazarika,Durgeswar, _eAuthor. |
||
| 942 | _cBK | ||
| 999 |
_c5871 _d5871 |
||